The significance of cracks in low-rise buildings (Record no. 71891)

MARC details
000 -LEADER
fixed length control field 00932cam a2200229 4500
001 - CONTROL NUMBER
control field ABS66217
008 - FIXED-LENGTH DATA ELEMENTS--GENERAL INFORMATION
fixed length control field 030107n2002 000 0 eng u
035 ## - SYSTEM CONTROL NUMBER
System control number (Sirsi) u120940
100 ## - MAIN ENTRY--PERSONAL NAME
Personal name Johnson, R.W.
245 #4 - TITLE STATEMENT
Title The significance of cracks in low-rise buildings
260 ## - PUBLICATION, DISTRIBUTION, ETC.
Date of publication, distribution, etc. 2002
490 ## - SERIES STATEMENT
Series statement Structural Survey
Volume/sequential designation 20(5) 2002, 155-161(7)
520 ## - SUMMARY, ETC.
Summary, etc. Suggests a framework for the systematic investigation of cracking in low-rise buildings. Describes procedures to follow in detail and recommends equipment.Presents a data-gathering and assessment methodology and considers the important question of whether the cracking is significant. Plates. Table. References. (TAKEN FROM JOURNAL ABSTRACT).
590 ## - LOCAL NOTE (RLIN)
Local note ABS
650 ## - SUBJECT ADDED ENTRY--TOPICAL TERM
Topical term or geographic name entry element CRACKS
650 ## - SUBJECT ADDED ENTRY--TOPICAL TERM
Topical term or geographic name entry element CRACKING
650 ## - SUBJECT ADDED ENTRY--TOPICAL TERM
Topical term or geographic name entry element BUILDING SURVEYS
650 ## - SUBJECT ADDED ENTRY--TOPICAL TERM
Topical term or geographic name entry element INSPECTIONS
650 ## - SUBJECT ADDED ENTRY--TOPICAL TERM
Topical term or geographic name entry element LOW-RISE BUILDINGS
690 ## - LOCAL SUBJECT ADDED ENTRY--TOPICAL TERM (OCLC, RLIN)
Topical term or geographic name as entry element BUILT ENVIRONMENT-BUILDING INSPECTION
942 ## - ADDED ENTRY ELEMENTS (KOHA)
Suppress in OPAC 0
Holdings
Withdrawn status Lost status Source of classification or shelving scheme Damaged status Not for loan Home library Current library Shelving location Date acquired Total Checkouts Full call number Barcode Date last seen Copy number Price effective from Koha item type
    Dewey Decimal Classification     London London Journal article 07/01/2003   ABS66217 120940-1001 06/08/2019 1 06/08/2019 Journal article